Bharat's law & practice of intellectual property in India / (Record no. 136867)
[ view plain ]
| 000 -LEADER | |
|---|---|
| fixed length control field | 00703nam a22002177a 4500 |
| 010 ## - LIBRARY OF CONGRESS CONTROL NUMBER | |
| LC control number | A-997067 |
| 020 ## - INTERNATIONAL STANDARD BOOK NUMBER | |
| Terms of availability | 650.00 |
| 035 ## - SYSTEM CONTROL NUMBER | |
| System control number | A-997067 |
| 037 ## - SOURCE OF ACQUISITION | |
| Source of stock number/acquisition | Cen Lib / Ret |
| 040 ## - CATALOGING SOURCE | |
| Original cataloging agency | DPL |
| Language of cataloging | EN |
| 082 ## - DEWEY DECIMAL CLASSIFICATION NUMBER | |
| Classification number | 346.54048 |
| Item number | VAS |
| 100 ## - MAIN ENTRY--PERSONAL NAME | |
| Personal name | Vashishth, Vikas |
| 245 ## - TITLE STATEMENT | |
| Title | Bharat's law & practice of intellectual property in India / |
| Statement of responsibility, etc | by Vikas Vashishth [and] V. K. Agarwal |
| 260 ## - PUBLICATION, DISTRIBUTION, ETC. (IMPRINT) | |
| Place of publication, distribution, etc | New Dlehi |
| Name of publisher, distributor, etc | Bharat Law House |
| Date of publication, distribution, etc | 1999 |
| 270 ## - ADDRESS | |
| Address | 222, Tarun Enclave, Pitampura |
| City | New Delhi |
| Postal code | 110034 |
| 300 ## - PHYSICAL DESCRIPTION | |
| Extent | 767p |
| Other physical details | 24cm(Hb) |
| 650 ## - SUBJECT ADDED ENTRY--TOPICAL TERM | |
| Topical term or geographic name as entry element | Intellectual property. |
| 650 ## - SUBJECT ADDED ENTRY--TOPICAL TERM | |
| Topical term or geographic name as entry element | Intellectual property (International law) |
| 700 ## - ADDED ENTRY--PERSONAL NAME | |
| Personal name | Agarwal, V. K. |
| 942 ## - ADDED ENTRY ELEMENTS (KOHA) | |
| Source of classification or shelving scheme | Dewey Decimal Classification |
| Koha item type | English Books |
| Classification part | 346.54048 |
| Call number suffix | VAS |
| Withdrawn status | Lost status | Source of classification or shelving scheme | Damaged status | Not for loan | Home library | Current library | Date acquired | Source of acquisition | Cost, normal purchase price | Total Checkouts | Full call number | Barcode | Date last seen | Copy number | Cost, replacement price | Price effective from | Koha item type |
|---|---|---|---|---|---|---|---|---|---|---|---|---|---|---|---|---|---|
| Dewey Decimal Classification | Central Library | Central Library | 11/03/2016 | Cen Lib/Ret | 650.00 | 346.54048 VAS | A-997067 | 11/03/2016 | 1 | 650.00 | 11/03/2016 | English Books |
